Birth Control: (Record no. 194954)
[ view plain ]
| 000 -LEADER | |
|---|---|
| fixed length control field | 00624nam a22001817a 4500 |
| 005 - DATE AND TIME OF LATEST TRANSACTION | |
| control field | 20230202153545.0 |
| 010 ## - LCCN (DPL NO) | |
| LC control number | ENG-119497 |
| 020 ## - INTERNATIONAL STANDARD BOOK NUMBER | |
| Terms of availability | 75.00 |
| 035 ## - SYSTEM CONTROL NUMBER | |
| System control number | EN-119497 |
| 037 ## - SOURCE OF ACQUISITION | |
| Source of stock number/acquisition | DBAD/PUB |
| 082 ## - DEWEY DECIMAL CLASSIFICATION NUMBER | |
| Classification number | 363.96 |
| 100 ## - MAIN ENTRY--PERSONAL NAME | |
| Personal name | Maududi, Sayyid Abul A'la |
| 245 ## - TITLE STATEMENT | |
| Title | Birth Control: |
| Remainder of title | Its Social, Political, Economic Moral and Religious Aspects/ |
| Statement of responsibility, etc | by Sayyid Abul A'la Maududi |
| 260 ## - PUBLICATION, DISTRIBUTION, ETC. (IMPRINT) | |
| Place of publication, distribution, etc | New Delhi |
| Name of publisher, distributor, etc | Markazi Maktaba Islami Publishers |
| Date of publication, distribution, etc | 2012 |
| 270 ## - ADDRESS | |
| Address | D-307, Dawat Nagar, Abul Fazl Enclave Jamia Nagar, Okhla |
| City | New Delhi |
| Postal code | 110025 |
| 300 ## - PHYSICAL DESCRIPTION | |
| Extent | 166p. |
| Dimensions | 22cm(pbk) |
| 942 ## - ADDED ENTRY ELEMENTS (KOHA) | |
| Source of classification or shelving scheme | Dewey Decimal Classification |
| Item type | English Books |
| Classification part | 363.96 |
| Call number suffix | MAU |
| Withdrawn status | Lost status | Not for loan | Collection code | Home library | Current library | Date acquired | Source of acquisition | Cost, normal purchase price | Full call number | Barcode | Copy number | Cost, replacement price | Koha item type |
|---|---|---|---|---|---|---|---|---|---|---|---|---|---|
| Non-fiction | Peshwa Road | Peshwa Road | 02/02/2023 | DBAD/PUB | 75.00 | 363.96 MAU | EN-119497 | 1 | 75.00 | English Books |
